Delaware General Knowledge - Statistics

General Stats
  • This quiz has been taken 109 times
  • The average score is 6 of 15
Answer Stats
Hint Answer % Correct
Capital and location of Delaware State Dover
100%
Nickname: _____ State First
89%
Most populous city in Deleware Wilmington
78%
Small town known for its green spaces Newark
62%
University in above city University of Delaware
49%
A jewel, another nickname: _______ State Diamond
43%
Beach town on the coast in Sussex County Dewey Beach
41%
Harbor defense facility in Delaware City Fort Delaware
22%
Well known town in Newcastle County Middletown
22%
Major telecommunications company founded in DE AT&T
19%
Major NASCAR race track in Delaware Dover Speedway
16%
300-acre country estate in Newcastle County Nemours Estate
5%
Major financial services co. started in Delaware Visa
5%
State park in above city Bellevue
3%
State park in Rehoboth Beach Delaware Seashore
3%
No matching quizzes found
Score Distribution
Percent of People with Each Score
Percentile by Number Answered
Your Score History
You have not taken this quiz